Object lessons for children. (Record no. 12273)

000 -LEADER
fixed length control field 00654nam a2200193 a 4500
001 - CONTROL NUMBER
control field :::00010075$&:&@@
003 - CONTROL NUMBER IDENTIFIER
control field OkBaRHE
005 - DATE AND TIME OF LATEST TRANSACTION
control field 20000607103356.0
008 - FIXED-LENGTH DATA ELEMENTS--GENERAL INFORMATION
fixed length control field s1986 j 000 0 eng u
040 ## - CATALOGING SOURCE
Transcribing agency
100 1# - MAIN ENTRY--PERSONAL NAME
Personal name Cross, Luther S.
245 10 - TITLE STATEMENT
Title Object lessons for children.
Statement of responsibility, etc Also usable as story sermons, chalk, picture, puppet, or bedtime stories.
260 ## - PUBLICATION, DISTRIBUTION, ETC. (IMPRINT)
Place of publication, distribution, etc Grand Rapids, MI., :
Name of publisher, distributor, etc Baker Book House
Date of publication, distribution, etc 1986
300 ## - PHYSICAL DESCRIPTION
Extent 99 p. : illus. ;
Dimensions 19 cm.
650 ## - SUBJECT ADDED ENTRY--TOPICAL TERM
Topical term or geographic name as entry element Children's Sermons
650 ## - SUBJECT ADDED ENTRY--TOPICAL TERM
Topical term or geographic name as entry element Object-teaching
942 ## - ADDED ENTRY ELEMENTS (KOHA)
Source of classification or shelving scheme
Koha item type Books
Copies
Copy number Damaged status Barcode Permanent Location Koha item type Price effective from Source of classification or shelving scheme Shelving location Lost status Date last seen Full call number Not for loan Withdrawn status Date acquired
1 10075RHEMA Bible Training CollegeBooks2010-04-14 General Stacks 2010-04-14BV 4315 .C7  2010-04-14